[Event "Bogota Avenida Chile op 6th"]
[Site "Bogota"]
[Date "2025.07.20"]
[Round "2"]
[White "Munoz Gutierrez, Juan Andres"]
[Black "Cifuentes Camacho, Miguel Angel"]
[Result "0-1"]
[WhiteElo "1742"]
[BlackElo "2014"]
[PlyCount "82"]
[EventDate "2025.07.20"]
[EventType "swiss (rapid)"]
[EventRounds "7"]
[EventCountry "COL"]
[SourceTitle "CB30_2025"]
[SourceDate "2025.07.23"]
[SourceVersion "1"]
[SourceVersionDate "2025.07.23"]
[SourceQuality "1"]

1. d4 d5 2. c4 e6 3. Nc3 Nf6 4. Nf3 Be7 5. Bg5 0-0 6. e3 c6 7. cxd5 exd5 8. Bd3 Re8 9. 0-0 h6 10. Bf4 Nbd7 11. h3 Nf8 12. Qc2 Ne6 13. Bh2 Bd7 14. Rab1 a5 15. a3 c5 16. dxc5 Nxc5 17. Bb5 Rc8 18. Nd4 Nce4 19. Bxd7 Qxd7 20. Nde2 Red8 21. Rfd1 Qe8 22. Qb3 Bc5 23. Nxd5 Nxd5 24. Rxd5 Nd2 25. Rxd8 Rxd8 26. Qc2 Nxb1 27. Qxb1 Qb5 28. Nc3 Qb3 29. Bc7 Rd7 30. Bxa5 b6 31. Qf5 Qe6 32. Qxe6 fxe6 33. b4 Bxe3 34. fxe3 bxa5 35. b5 Rd3 36. Ne2 Rxa3 37. Kf2 e5 38. Kf3 Rb3 39. Ke4 Rxb5 40. Nc3 Rb3 41. Nd5 a4 0-1

[Event "Bogota Avenida Chile op 6th"]
[Site "Bogota"]
[Date "2025.07.20"]
[Round "6"]
[White "Munoz Gutierrez, Juan Andres"]
[Black "Ladino Hernandez, Angel Joel"]
[Result "0-1"]
[WhiteElo "1742"]
[BlackElo "1881"]
[PlyCount "44"]
[EventDate "2025.07.20"]
[EventType "swiss (rapid)"]
[EventRounds "7"]
[EventCountry "COL"]
[SourceTitle "CB30_2025"]
[SourceDate "2025.07.23"]
[SourceVersion "1"]
[SourceVersionDate "2025.07.23"]
[SourceQuality "1"]

1. d4 Nf6 2. c4 g6 3. Nc3 Bg7 4. e4 d6 5. f3 0-0 6. Be3 e5 7. d5 c6 8. Qd2 cxd5 9. Nxd5 Nxd5 10. Qxd5 Nc6 11. 0-0-0 Be6 12. Qxd6 Qa5 13. Qa3 Qxa3 14. bxa3 Rfc8 15. Kb2 Na5 16. Rc1 Bxc4 17. Ne2 Bd3 18. Bf2 Rxc1 19. Nxc1 Bxf1 20. Rxf1 Bf8 21. Nd3 Nc4+ 22. Kb3 Nd2+ 0-1

[Event "Bogota Avenida Chile op 6th"]
[Site "Bogota"]
[Date "2025.07.20"]
[Round "5"]
[White "Sanchez Bustos, Miguel Angel"]
[Black "Munoz Gutierrez, Juan Andres"]
[Result "1-0"]
[WhiteElo "1982"]
[BlackElo "1742"]
[PlyCount "53"]
[EventDate "2025.07.20"]
[EventType "swiss (rapid)"]
[EventRounds "7"]
[EventCountry "COL"]
[SourceTitle "CB30_2025"]
[SourceDate "2025.07.23"]
[SourceVersion "1"]
[SourceVersionDate "2025.07.23"]
[SourceQuality "1"]

1. e4 e6 2. d4 d5 3. Nd2 c5 4. dxc5 Bxc5 5. Bd3 Qb6 6. Qe2 Nf6 7. exd5 Nxd5 8. Nb3 Bb4+ 9. c3 Nxc3 10. bxc3 Bxc3+ 11. Bd2 Bxa1 12. Nxa1 Qb2 13. Nb3 Qxa2 14. Nc1 Qd5 15. Be4 Qd7 16. Nf3 Nc6 17. 0-0 0-0 18. Bc3 h6 19. Nd3 f5 20. Bxc6 Qxc6 21. Qe5 Rf7 22. Nf4 Qe4 23. Rd1 Bd7 24. Re1 Qxe5 25. Nxe5 Rc8 26. Bb4 Rc4 27. Nxc4 1-0

[Event "Bogota Kallpa op"]
[Site "Bogota"]
[Date "2025.06.28"]
[Round "4"]
[White "Arango, Santiago"]
[Black "Munoz Gutierrez, Juan Andres"]
[Result "1/2-1/2"]
[WhiteElo "1928"]
[BlackElo "1668"]
[PlyCount "70"]
[EventDate "2025.06.25"]
[EventType "swiss"]
[EventRounds "6"]
[EventCountry "COL"]
[SourceTitle "CB27_2025"]
[SourceDate "2025.07.02"]
[SourceVersion "1"]
[SourceVersionDate "2025.07.02"]
[SourceQuality "1"]

1. e4 e6 2. Nf3 d5 3. Nc3 dxe4 4. Nxe4 Nd7 5. d4 Ngf6 6. Ng3 c5 7. Be2 cxd4 8. Nxd4 a6 9. 0-0 Bc5 10. c4 0-0 11. a3 Ne5 12. Be3 Qc7 13. b4 Bxd4 14. Bxd4 b6 15. Rc1 Ned7 16. Qd2 Bb7 17. Qe3 a5 18. b5 e5 19. Bb2 Ne8 20. Nf5 f6 21. a4 Nc5 22. Ba3 Rc8 23. Rfd1 Rf7 24. Bxc5 Qxc5 25. Qxc5 Rxc5 26. Nd6 Nxd6 27. Rxd6 Rfc7 28. Bg4 Kf8 29. Be6 Ke7 30. Rcd1 Bd5 31. R6xd5 Kxe6 32. Rd6+ Ke7 33. Rxb6 Rxc4 34. Ra6 Rxa4 35. b6 Rd4 1/2-1/2

[Event "COL-ch U20"]
[Site "Bogota"]
[Date "2025.01.31"]
[Round "5"]
[White "Delgado Caballero, Nigel Alejandro"]
[Black "Munoz Gutierrez, Juan Andres"]
[Result "1-0"]
[WhiteElo "1879"]
[BlackElo "1670"]
[PlyCount "88"]
[EventDate "2025.01.29"]
[EventType "tourn"]
[EventRounds "9"]
[EventCountry "COL"]
[SourceTitle "CB06_2025"]
[SourceDate "2025.02.05"]
[SourceVersion "1"]
[SourceVersionDate "2025.02.05"]
[SourceQuality "1"]

1. c4 e6 2. Nf3 d5 3. b3 Nf6 4. Bb2 g6 5. g3 Bg7 6. Bg2 0-0 7. 0-0 c6 8. e3 Nbd7 9. Qe2 Re8 10. d4 b6 11. Nbd2 Bb7 12. e4 dxe4 13. Nxe4 Nxe4 14. Qxe4 Qc7 15. Ne5 Nxe5 16. dxe5 Rab8 17. c5 bxc5 18. Rfc1 Qa5 19. Rc4 Red8 20. Bc3 Qb6 21. Ra4 c4 22. Qxc4 Qc7 23. Re1 Rd7 24. Rxa7 Ra8 25. Rxa8+ Bxa8 26. Qa4 Bb7 27. Ba5 Qc8 28. Qc4 Rd5 29. Bxd5 exd5 30. Qc5 Qe6 31. Qd6 c5 32. Qxe6 fxe6 33. Bb6 c4 34. bxc4 dxc4 35. Bd4 Bd5 36. a4 Bf8 37. Bc3 Bc5 38. Rb1 Ba7 39. Rb5 Kg7 40. Kf1 Bf3 41. Ke1 Kh6 42. Bd2+ Kh5 43. Be3 Bc6 44. Bxa7 Bxb5 1-0

[Event "Manizales op 30th"]
[Site "Manizales"]
[Date "2025.01.09"]
[Round "3"]
[White "Munoz Gutierrez, Juan Andres"]
[Black "Cajigas, Wenceslao Hernan"]
[Result "1-0"]
[WhiteElo "1669"]
[BlackElo "1559"]
[PlyCount "75"]
[EventDate "2025.01.08"]
[EventType "tourn"]
[EventRounds "7"]
[EventCountry "COL"]
[SourceTitle "CB03_2025"]
[SourceDate "2025.01.15"]
[SourceVersion "1"]
[SourceVersionDate "2025.01.15"]
[SourceQuality "1"]

1. e4 c6 2. d4 d5 3. e5 Bf5 4. h4 h6 5. g4 Bh7 6. e6 f6 7. Bd3 c5 8. Bxh7 Qa5+ 9. Bd2 Qb6 10. Bg6+ Kd8 11. Bf7 Nc6 12. dxc5 Qxc5 13. Be3 d4 14. c3 Kc7 15. Bxd4 Nxd4 16. Qxd4 Qxd4 17. cxd4 Rd8 18. Ne2 g5 19. h5 Bg7 20. Nbc3 f5 21. gxf5 Nf6 22. f3 Ne8 23. 0-0-0 Nd6 24. Bg6 Rc8 25. Kb1 Kb8 26. Ne4 Nb5 27. Nc5 Rhd8 28. Nd7+ Ka8 29. f6 Bf8 30. f7 Nd6 31. Rc1 Nc4 32. Rhd1 Ne3 33. Rxc8+ Rxc8 34. Rc1 Rd8 35. Nxf8 Rxf8 36. Rc7 Nd5 37. Rd7 Nb6 38. Rxe7 1-0

[Event "Manizales op 30th"]
[Site "Manizales"]
[Date "2025.01.09"]
[Round "2"]
[White "Valencia Betancourth, Nicolas"]
[Black "Munoz Gutierrez, Juan Andres"]
[Result "1/2-1/2"]
[WhiteElo "1600"]
[BlackElo "1669"]
[PlyCount "39"]
[EventDate "2025.01.08"]
[EventType "tourn"]
[EventRounds "7"]
[EventCountry "COL"]
[SourceTitle "CB03_2025"]
[SourceDate "2025.01.15"]
[SourceVersion "1"]
[SourceVersionDate "2025.01.15"]
[SourceQuality "1"]

1. e4 e6 2. d4 d5 3. exd5 exd5 4. Bd3 Bd6 5. Nf3 Nc6 6. b3 Bg4 7. c3 Qd7 8. h3 Bh5 9. Ba3 Bxa3 10. Nxa3 0-0-0 11. 0-0 g5 12. Qc2 Nge7 13. Ne5 Qd6 14. Bf5+ Kb8 15. Nb5 Qh6 16. Nd7+ Kc8 17. Nb6+ Kb8 18. Nd7+ Kc8 19. Nb6+ Kb8 20. Nd7+ 1/2-1/2

[Event "Bogota Distrito Capital op-B"]
[Site "Bogota"]
[Date "2024.09.22"]
[Round "7"]
[White "Munoz Gutierrez, Juan Andres"]
[Black "Gomez Gomez, Dario"]
[Result "1-0"]
[WhiteElo "1414"]
[BlackElo "1882"]
[PlyCount "65"]
[EventDate "2024.09.19"]
[EventType "swiss"]
[EventRounds "7"]
[EventCountry "COL"]
[SourceTitle "EXT 2025"]
[Source "ChessBase"]
[SourceDate "2024.10.14"]
[SourceVersion "1"]
[SourceVersionDate "2024.10.14"]
[SourceQuality "1"]

1. e4 d6 2. d4 g6 3. Nc3 Bg7 4. Be3 e6 5. Qd2 Ne7 6. f3 c6 7. Bh6 Bf6 8. 0-0-0 Ng8 9. Be3 Bg7 10. g4 d5 11. h4 h5 12. Nh3 Qa5 13. exd5 exd5 14. g5 Ne7 15. Bd3 0-0 16. Rhe1 Nf5 17. Bxf5 Bxf5 18. Nf4 b5 19. Kb1 Na6 20. Ncxd5 Qxd2 21. Ne7+ Kh7 22. Rxd2 Bd7 23. d5 c5 24. d6 Rfe8 25. Nfd5 Rab8 26. Nc7 Nxc7 27. dxc7 Be6 28. cxb8Q Rxb8 29. Bxc5 Rb7 30. Nd5 a5 31. Bd4 b4 32. Nf6+ Kh8 33. Be5 1-0

[Event "Bogota rapid op"]
[Site "Bogota"]
[Date "2024.09.01"]
[Round "1"]
[White "Chaucanes, Lina Marcela"]
[Black "Munoz Gutierrez, Juan Andres"]
[Result "1-0"]
[WhiteElo "1951"]
[BlackElo "1575"]
[PlyCount "33"]
[EventDate "2024.09.01"]
[EventType "swiss (rapid)"]
[EventRounds "7"]
[EventCountry "COL"]
[SourceTitle "EXT 2025"]
[Source "ChessBase"]
[SourceDate "2024.10.14"]
[SourceVersion "1"]
[SourceVersionDate "2024.10.14"]
[SourceQuality "1"]

1. e4 e6 2. d4 d5 3. exd5 exd5 4. c4 Nf6 5. Nc3 Bb4 6. Bg5 0-0 7. Bd3 Re8+ 8. Nge2 dxc4 9. Bxc4 Bf5 10. 0-0 c6 11. Bxf7+ Kxf7 12. Qb3+ Re6 13. Qxb4 Qc7 14. Qc4 Ne4 15. Nxe4 Bxe4 16. Nf4 Bd5 17. Nxd5 1-0